000 00302nam a2200109Ia 4500
008 200302s9999 xx 000 0 und d
100 _aDavis, Belfield & Everest
245 _aSpon's A&D Architects' and Builders' Price Book 103rd ed.,
260 _bE.& F. N. Spon Ltd.
260 _c1978
300 _a530 P.,
999 _c146
_d146